MyGZULibrary

Communism in Africa. (Record no. 2698)

MARC details
000 -LEADER
fixed length control field 00726cam a22002651 4500
001 - CONTROL NUMBER
control field 7069694
003 - CONTROL NUMBER IDENTIFIER
control field GZU
005 - DATE AND TIME OF LATEST TRANSACTION
control field 20201105093130.0
008 - FIXED-LENGTH DATA ELEMENTS--GENERAL INFORMATION
fixed length control field 730322s1966 enk b 000 0 eng
010 ## - LIBRARY OF CONGRESS CONTROL NUMBER
LC control number 66071724
015 ## - NATIONAL BIBLIOGRAPHY NUMBER
National bibliography number B66-7168
035 ## - SYSTEM CONTROL NUMBER
System control number (OCoLC)586289
040 ## - CATALOGING SOURCE
Original cataloging agency DLC
Transcribing agency ODaWU
Modifying agency OCoLC
-- Uk
-- DLC
042 ## - AUTHENTICATION CODE
Authentication code premarc
050 00 - LIBRARY OF CONGRESS CALL NUMBER
Classification number HX437
Item number .S3 1966
082 ## - DEWEY DECIMAL CLASSIFICATION NUMBER
Classification number 335.43096
100 1# - MAIN ENTRY--PERSONAL NAME
Personal name Schatten, Fritz,
Dates associated with a name 1930-
245 10 - TITLE STATEMENT
Title Communism in Africa.
260 ## - PUBLICATION, DISTRIBUTION, ETC.
Place of publication, distribution, etc. London,
Name of publisher, distributor, etc. Allen & Unwin,
Date of publication, distribution, etc. 1966.
300 ## - PHYSICAL DESCRIPTION
Extent 3-353 p.
Dimensions 23 cm.
504 ## - BIBLIOGRAPHY, ETC. NOTE
Bibliography, etc. note Includes bibliographical references.
650 #0 - SUBJECT ADDED ENTRY--TOPICAL TERM
Topical term or geographic name entry element Communism
Geographic subdivision Africa.
906 ## - LOCAL DATA ELEMENT F, LDF (RLIN)
a 7
b cbc
c oclcrpl
d u
e ncip
f 19
g y-gencatlg
942 ## - ADDED ENTRY ELEMENTS (KOHA)
Source of classification or shelving scheme Library of Congress Classification
Koha item type Books
Classification part 437
Item part SCH
Call number prefix HX
Call number suffix 1966
Holdings
Withdrawn status Lost status Damaged status Not for loan Collection code Home library Current library Shelving location Date acquired Total Checkouts Full call number Barcode Date last seen Copy number Price effective from Koha item type
        Non-fiction City Campus Library City Campus Library General Stacks 11/05/2020   HX437 SCH 1966 B017744 11/05/2020 c.1 11/05/2020 Books